000 00752nam a2200169 a 4500
001 000037368
005 20200930080325.0
008 120328s1981 sp 000 0 spa d
020 _a840004769
040 _aDO-SdBNP
_bspa
_cBNPHU
245 0 0 _aRepertorium biblicum medii aevi. /
_ccollegit disposuit edidit Fridericus Stegmüller.
260 _aMadrid :
_bCSIC,
_c1981.
300 _av. (581) p. ;
_c25 cm.
505 2 _av. 2
_tCommentaria autores A-G
_gv. 3
_tCommentaria auctores H-M
_gv. 4
_tCommentaria autores N-Q
_gv. 7
_tAnonyma P-Z
_gv. 9
_tSuplementi altera pars Glossa ordinaria
_gv. 10
_tInitia Graeca
_tInitia Latina A-K
700 1 _aStegmüller, Friedrich,
_eed.
_963833
710 2 _aConsejo Superior de Investigaciones Científicas, (España)
_963834
999 _c36858
_d36858